000 00569nam a22001817a 4500
999 _c14167
_d14167
003 AR-CdUCM
008 190422b ||||| |||| 00| 0 spa d
040 _aMUNICIPALIDAD PROVINCIAL DEL CUSCO
_cBIBLIOTECA MUNICIPAL DEL CUSCO
082 _aC / 869.58 /
_bJ54
100 _aJimenez Borja, Arturo
_92499
245 _aCuentos y leyendas del Perú /
260 _aLima :
_bInstituto Peruano del Libro,
_c1940.
300 _a33 páginas ;
_bimágenes.
_c26 cm.
650 _aCuentos.
_9217
650 _aLeyendas.
_92226
942 _2ddc
_cLIBROS
945 _awfj
_d2019-04-22